000 00435nam a2200169Ia 4500
008 220530s9999 xx 000 0 und d
020 _a81-219-0034-4
041 _aeng
082 _a950
_bGRO
100 _aGrover, B L, Mehta Alka,Yashpal
_954496
245 _aA New Look At Modern Indian History
250 _a1 st
260 _aNew Delhi
_bS Chand
_c2010
300 _ai to xxii, 1 to 588
_bPB
440 _v7
906 _a65
_bGB
999 _c49834
_d49834